Bharatiya Nyaya Sanhita, 2023 (BNS 2023) (Record no. 1680234)

MARC details
000 -LEADER
fixed length control field 01169nam a22003497a 4500
005 - DATE AND TIME OF LATEST TRANSACTION
control field 20260225125017.0
008 - FIXED-LENGTH DATA ELEMENTS--GENERAL INFORMATION
fixed length control field 260225b |||||||| |||| 00| 0 eng d
020 ## - INTERNATIONAL STANDARD BOOK NUMBER
International Standard Book Number 9788119415694
037 ## - SOURCE OF ACQUISITION
Terms of availability TB
040 ## - CATALOGING SOURCE
Original cataloging agency LCT
Transcribing agency LCT
041 ## - LANGUAGE CODE
Source of code hin
Language code of text/sound track or separate title hin
Language code of original eng
084 ## - COLON CLASSIFICATION NUMBER
Classification number Z2,75,15 R0;R5
100 ## - MAIN ENTRY--PERSONAL NAME
Personal name Gaur, K D
9 (RLIN) 864502
245 ## - TITLE STATEMENT
Title Bharatiya Nyaya Sanhita, 2023 (BNS 2023)
Medium (Hindi)/
250 ## - EDITION STATEMENT
Edition statement 3rd ed.
260 ## - PUBLICATION, DISTRIBUTION, ETC.
Place of publication, distribution, etc. Prayagraj (Allahabad), India:
Name of publisher, distributor, etc. Central Law Agency,
Date of publication, distribution, etc. 2025
300 ## - PHYSICAL DESCRIPTION
Extent ixxiv, 872p.
365 ## - TRADE PRICE
Price type code INR
Price amount 760
Currency code INR
650 ## - SUBJECT ADDED ENTRY--TOPICAL TERM
Topical term or geographic name entry element Indian Penal Code
9 (RLIN) 754948
650 ## - SUBJECT ADDED ENTRY--TOPICAL TERM
Topical term or geographic name entry element Indian and International Courts
9 (RLIN) 864503
650 ## - SUBJECT ADDED ENTRY--TOPICAL TERM
Topical term or geographic name entry element Law
9 (RLIN) 864504
650 ## - SUBJECT ADDED ENTRY--TOPICAL TERM
Topical term or geographic name entry element BNS Act
9 (RLIN) 864505
650 ## - SUBJECT ADDED ENTRY--TOPICAL TERM
Topical term or geographic name entry element India’s new criminal code
9 (RLIN) 864506
650 ## - SUBJECT ADDED ENTRY--TOPICAL TERM
Topical term or geographic name entry element Bharatiya Nyaya Sanhita (BNS)
9 (RLIN) 864507
650 ## - SUBJECT ADDED ENTRY--TOPICAL TERM
Topical term or geographic name entry element Criminal Procedure Code
9 (RLIN) 864508
650 ## - SUBJECT ADDED ENTRY--TOPICAL TERM
Topical term or geographic name entry element Indian Evidence Act
9 (RLIN) 864509
650 ## - SUBJECT ADDED ENTRY--TOPICAL TERM
Topical term or geographic name entry element Criminal law
9 (RLIN) 864510
650 ## - SUBJECT ADDED ENTRY--TOPICAL TERM
Topical term or geographic name entry element Criminal law India
9 (RLIN) 735012
650 ## - SUBJECT ADDED ENTRY--TOPICAL TERM
Topical term or geographic name entry element Law Commentaires
9 (RLIN) 754949
700 ## - ADDED ENTRY--PERSONAL NAME
Personal name Babel, Basanti Lal
9 (RLIN) 1116632
942 ## - ADDED ENTRY ELEMENTS (KOHA)
Source of classification or shelving scheme Colon Classification (CC)
Koha item type Textbook
Classification part Z2,75,15 R0;R5
Suppress in OPAC No
Holdings
Withdrawn status Lost status Source of classification or shelving scheme Damaged status Not for loan Collection Home library Current library Shelving location Date acquired Source of acquisition Cost, normal purchase price Inventory number Total Checkouts Full call number Barcode Date last seen Price effective from Koha item type
    Colon Classification (CC)     Non-fiction Law Centre-II Library Law Centre-II Library General Stacks 2025-12-09 Hindi Book Centre 760.00 HBC/HB4671/09.12.2025   Z2,75,15 R0;R5 LT0029372 2026-02-25 2026-02-25 Textbook
    Colon Classification (CC)     Reference Law Centre-II Library Law Centre-II Library General Stacks 2025-12-09 Hindi Book Centre 760.00 HBC/HB4671/09.12.2025   Z2,75,15 R0;R5;1 LT0029373 2026-02-25 2026-02-25 Reference
Copyright @ Delhi University Library System